| 000 | 01446cam a2200229 4500 | ||
|---|---|---|---|
| 001 | ABS66893 | ||
| 008 | 111219s2003 000 0 eng u | ||
| 035 | _a(Sirsi) u123192 | ||
| 245 | _aSME-nvironment 2003: construction | ||
| 260 | _c2003 | ||
| 490 |
_aBuilding Engineer _vAugust 2003, 30-31(2) |
||
| 520 | _aPresents the findings of the 2003 SME-nvironment survey of 332 small and medium-sized construction businesses in the UK. The survey looked at the environmental behaviour of SMEs and was conducted for NetRegs, a website designed to help SMEs understand environmental legislation. Article discusses the findings of the survey under the following key areas: positive environmental measures; high risk activities; environmental policy, legislative awareness; environmental motivators; business benefits of environmental good practice; sources of advice and modes of communication. The survey concluded that many SMEs in the construction sector have low awareness of their environmental impact and want more information and advice on green issues. | ||
| 590 | _aABS | ||
| 650 | _aSMES | ||
| 650 | _aSMALL BUSINESSES | ||
| 650 | _aENVIRONMENTAL IMPACT | ||
| 650 | _aENVIRONMENTAL PERFORMANCE | ||
| 650 | _aCONSTRUCTION INDUSTRY | ||
| 690 | _aENVIRONMENT-AUDIT/ASSESSMENT | ||
| 856 | 4 | 0 |
_uhttps://www.environment-agency.gov.uk/netregs/links/63809.aspx _zView the survey free of charge at www.environment-agency.gov.uk |
| 942 | _n0 | ||
| 999 |
_c73163 _d73163 |
||